| 000 | 00684nam a22002177a 4500 | ||
|---|---|---|---|
| 005 | 20130910161140.0 | ||
| 010 | _aENG-108311 | ||
| 020 |
_a9789350353370 _c475.00 |
||
| 035 | _aEN-91844 | ||
| 037 | _bDBAD/PUB | ||
| 082 | _a344.5401 | ||
| 100 | _a Kumar,H.L. | ||
| 245 | 1 | 0 |
_aLaw relating to disciplinary proceedings in industries / _cby H.L. Kumar [and] Gaurav Kumar |
| 250 | _a8th ed | ||
| 260 |
_aNew Delhi _bUniversal Law Publishing _c2013 |
||
| 270 |
_aC-FF-1A, Dilkhush Industrial Estate, G.T. Karnal Road _bDelhi _e110033 |
||
| 300 |
_aliii,402p. _c23cm(pbk) |
||
| 500 | _aIncludes index | ||
| 700 | _aGaurav Kumar | ||
| 942 |
_2ddc _cEN _mKUM _h344.5401 |
||
| 999 |
_c78579 _d78579 |
||